| 000 | 00402nam a2200145Ia 4500 | ||
|---|---|---|---|
| 008 | 230917s9999||||xx |||||||||||||| ||und|| | ||
| 040 |
_e52766 _aMAIN |
||
| 041 | _aEnglish | ||
| 082 | _a342.5409 P541E | ||
| 100 | _aPhilips, C H | ||
| 245 | 0 | _aEvolution of India and Pakistan 1858 to 1947: Select documents | |
| 260 |
_aLondon _bOxford University Press _c1965 |
||
| 300 | _axxi, 786 p. | ||
| 942 | _cBK | ||
| 999 |
_c164802 _d164802 |
||